Coco - Characters by Picture - Statistics

General Stats
  • This quiz has been taken 160 times
  • The average score is 9 of 20
Answer Stats
Picture Answer % Correct
Miguel Rivera
95%
Mamá Coco
87%
Ernesto de la Cruz
83%
Héctor
83%
Mamá Imelda
73%
Dante
67%
Frida Kahlo
51%
Tía Victoria
44%
Tío Oscar / Tío Felipe
44%
Abuelita / Elena Rivera
43%
Papá Julio
40%
Tía Rosita
40%
Papá / Enrique Rivera
31%
Mamá / Luisa Rivera
30%
Pepita
29%
Chicharrón
20%
Abel Rivera
14%
Tío Berto
13%
Gloria
11%
Juan Ortodoncia
10%
No matching quizzes found
Score Distribution
Percent of People with Each Score
Percentile by Number Answered
Your Score History
You have not taken this quiz